• 首页
  • 本馆介绍
  • 公告通知
  • 最新文献
  • 馆藏检索
  • 电子资源
  • 读者导购
  • 参考咨询
  • 我的图书馆
  • 登录
  • 详细信息显示
  • 放入我的书架
  • 预约/预借图书
  • 作者相关作品
  • 分类相关作品
  • 丛书相关作品
  • 出版社相关作品

书目信息

  • 表格格式
  • 工作单格式
  • 卡片格式
题名:
代数
    
 
作者: ;高等教育部中等专业教育司 编
分册:  
出版信息: 北京   高等教育出版社  1956
页数: 263页
开本: 21cm
丛书名:
单 册:
中图分类: O122
科图分类:
主题词: 代数--专业学校--教材
电子资源:
ISBN: 13010.97
000 00741cam0 2200241 450
001 0105403490
005 20071011095139.0
010    @a13010.97@dCNY0.95
091    @a13010.97@dCNY0.95
100    @a19961226d1956 em y0chiy0110 ea
101 0  @achi
102    @aCN@b110000
105    @ay z 000yy
106    @ar
200 1  @a代数@9Dai Shu;Shuo @f中华人民共和国高等教育部中等专业教育司编@b专著
210    @a北京@c高等教育出版社@d1956
215    @a263页@d21cm
300    @a中等专业学校教科书 工业、农林、财经性质专业适用
606 0  @a代数@x专业学校@x教材
690    @aO122@v3
711 02 @a高等教育部中等专业教育司@9gao deng jiao yu bu zhong deng zhuan ye jiao yu si@4编
801  0 @aCN@bAiZhiMarc
905    @aBZT@dO12@e22@f4@sO12/22
    
    代数/中华人民共和国高等教育部中等专业教育司编.-北京:高等教育出版社,1956
    263页;21cm
    中等专业学校教科书 工业、农林、财经性质专业适用
    
    ISBN 13010.97:CNY0.95
    
●
相关链接 在五车中查询图书 在当当中查询图书 在豆瓣中查询图书


正题名:代数     索取号:O12/22         预约/预借

序号 登录号 条形码 馆藏地/架位号 状态 备注
1 2000102284   2000102284   旧书回溯/ [索取号:O12/22] 在馆    
2 2000104797   2000104797   旧书回溯/ [索取号:O12/22] 在馆    
3 2000104998   2000104998   旧书回溯/ [索取号:O12/22] 在馆    
4 2000105016   2000105016   旧书回溯/ [索取号:O12/22] 在馆    
山东省滨州职业学院图书馆 欢迎您!
大连网信软件有限公司© 版权所有